Datum a čas kvízu
29
Celkem bodů
Celkový počet nahraných bodů na tomto kvízu bez doplňovacích otázek.
8.
Pořadí na kvízu
Konečné umístění týmu na tomto kvízu.
Zaznamenané odpovědi
| # | Otázka | Odpověď | Body | Výsledky |
|---|---|---|---|---|
| 1. | Cestující českobudějovické MHD... | lakovala si nehty (na nohou) | 0 | |
| 2. | O víkendu došlo k teroristický... | na Srí Lance | 1 | |
| 3. | Ministr kultury Antonín Staněk... | Národní galerie; Muzeum umění Olomouc (stačí uvést Národní galerie a Muzeum Olomouc) | 1 | |
| 4. | Známé francouzské herní studio... | Ubisoft | 1 | |
| 5. | Minulý čtvrtek oslavil 50. nar... | Robert Změlík | 1 | |
| 6. | V pondělí v podvečer zachvátil... | svatý Ludvík (Louis) | 1 | |
| 7. | Největší a nejznámější knihovn... | Alexandrie | 1 | |
| 8. | Město, ke kterému odkazuje tat... | Drážďany | 1 | |
| 9. | Stavba Národního divadla v Pra... | František Josef I. | 1 | |
| 10. | Více než padesát metrů a skoro... | v Afghánistánu | 1 |